Top 5 comuni più popolosi per provincia - Veneto - Statistics

Statistiche generali
  • Questo quiz è stato fatto 118 volte
  • Il punteggio medio è 22 su 35
Statistiche sulle risposte
Province Comuni N° abitanti % Corretto
Belluno Belluno 35.487
99%
Padova Padova 207.301
99%
Verona Verona 255.643
99%
Treviso Treviso 85.282
97%
Vicenza Vicenza 110.830
97%
Rovigo Rovigo 50.099
96%
Venezia Venezia 250.369
96%
Chioggia 47.570
82%
Bassano del Grappa 42.434
79%
Feltre 20.468
79%
Schio 38.848
78%
San Donà di Piave 41.883
73%
Conegliano 34.445
71%
Mira 37.618
71%
Castelfranco Veneto 33.103
67%
Villafranca di Verona 32.993
66%
Porto Viro 13.757
62%
Adria 18.581
60%
Montebelluna 31.281
60%
Legnago 25.615
56%
Abano Terme 20.350
51%
Albignasego 27.144
48%
Mogliano Veneto 27.922
47%
San Giovanni Lupatoto 25.295
45%
Spinea 27.720
45%
Ponte nelle Alpi 7.935
44%
Arzignano 25.603
41%
San Bonifacio 21.498
38%
Valdagno 25.765
37%
Vigonza 23.284
36%
Borgo Valbelluna 13.476
34%
Sedico 10.150
33%
Occhiobello 12.059
30%
Selvazzano Dentro 22.908
30%
Lendinara 11.460
27%
Nessun quiz corrispondente trovato
Distribuzione punteggi
Percentuale di utenti per punteggio
Percentile per numero di risposta
I tuoi punteggi nel tempo
Non hai fatto questo quiz